Los sueños de mi padre (Registro nro. 17364)

Detalles MARC
000 -CABECERA
Longitud fija campo de control 00779nam a22002537a 4500
003 - IDENTIFICADOR DELl NÚMERO DE CONTROL
Identificador del número de control OSt
005 - FECHA Y HORA DE LA ÚLTIMA TRANSACCIÓN
Fecha y hora de la última transacción 20150210213002.0
008 - CÓDIGOS DE INFORMACIÓN DE LONGITUD FIJA
Códigos de información de longitud fija 150115b xxu||||| |||| 00| 0 eng d
020 ## - NÚMERO INTERNACIONAL NORMALIZADO PARA LIBROS
Número Internacional Normalizado para Libros (ISBN) 978-607-429-383-8
040 ## - FUENTE DE LA CATALOGACIÓN
Centro transcriptor BMC
082 ## - NÚMERO DE LA CLASIFICACIÓN DECIMAL DEWEY
Númeroo de clasificación 973.929
082 ## - NÚMERO DE LA CLASIFICACIÓN DECIMAL DEWEY
Númeroo de clasificación 323.118
100 1# - PUNTO DE ACCESO PRINCIPAL-NOMBRE DE PERSONA
Nombre de persona Obama, Barack
9 (RLIN) 18009
245 14 - MENCIÓN DE TÍTULO
Título Los sueños de mi padre
Resto del título : una historia de raza y herencia
Mención de responsabilidad, etc. Barack Obama ; traducción de Fernando Miranda y Evaristo Páez Rasmussen
250 ## - MENCIÓN DE EDICIÓN
Mención de edición 1ª ed., 2ª reimp
260 ## - PUBLICACIÓN, DISTRIBUCIÓN, ETC. (PIE DE IMPRENTA)
Lugar de publicación, distribución, etc. México D.F.
Nombre del editor, distribuidor, etc. Debate
Fecha de publicación, distribución, etc. 2009
300 ## - DESCRIPCIÓN FÍSICA
Extensión XIX, 405 p.
Dimensiones 23 cm
490 ## - MENCIÓN DE SERIE
Mención de serie Memorias
600 24 - PUNTO DE ACCESO ADICIONAL DE MATERIA - NOMBRE DE PERSONA
9 (RLIN) 18008
Nombre de persona Obama, Barack
650 24 - PUNTO DE ACCESO ADICIONAL DE MATERIA - TÉRMINO DE MATERIA
Término de materia o nombre geográfico como elemento inicial Racismo
Subdivisión geográfica Estados Unidos
9 (RLIN) 3495
700 1# - PUNTO DE ACCESO ADICIONAL - NOMBRE DE PERSONA
9 (RLIN) 30208
Nombre de persona Paez Rasmussen, Evaristo
700 1# - PUNTO DE ACCESO ADICIONAL - NOMBRE DE PERSONA
9 (RLIN) 30207
Nombre de persona Miranda, Fernand0
942 ## - ENTRADA DE ELEMENTOS AGREGADOS (KOHA)
Fuente de clasificaión o esquema Dewey Decimal Classification
Koha [por defecto] tipo de item 1- Monografias
Existencias
Suprimido Perdido Fuente de clasificación o esquema Estropeado Restricciones de uso No para préstamo Código de colección Localización permanente Localización actual Localización en estanter&íacute;as Fecha adquisición Fuente de adquisición Número de inventario Préstamos totales Signatura completa Código de barras Fecha última consulta Fecha del precio de reemplazo Tipo de item de Koha
NULL NULL Dewey Decimal Classification NULL Prestable NULL NULL Biblioteca Miguel de Cervantes - UNICAES Biblioteca Miguel de Cervantes - UNICAES Sala Principal 19/01/2015 Donación - Mayorga Rivas 026915   973.929 OBA sue 1027325 19/01/2015 19/01/2015 1- Monografias